CLINICAL ATLAS OF OPHTHALMIC ULTRASOUND (Record no. 31135)

MARC details
000 -LEADER
fixed length control field 00427nam a22001697a 4500
003 - CONTROL NUMBER IDENTIFIER
control field SGT
020 ## - INTERNATIONAL STANDARD BOOK NUMBER
International Standard Book Number 9783319998695
082 ## - DEWEY DECIMAL CLASSIFICATION NUMBER
Classification number 617.7
Item number C19A
100 ## - MAIN ENTRY--PERSONAL NAME
Personal name ALGAEED, ABDULRAHMAN H.
245 ## - TITLE STATEMENT
Title CLINICAL ATLAS OF OPHTHALMIC ULTRASOUND
250 ## - EDITION STATEMENT
Edition statement 1ST
260 ## - PUBLICATION, DISTRIBUTION, ETC. (IMPRINT)
Place of publication, distribution, etc SWITZERLAND
Name of publisher, distributor, etc SPRINGER PUB
Year of Publication 2019
300 ## - PAGE DESCRIPTION
No. of Pages 69
650 ## - SUBJECT ADDED ENTRY--TOPICAL TERM
Topical term or geographic name as entry element OPHTHALMOLOGY
653 ## - KEYWORDS--INDEX TERM
Keyword term CLINICAL ATLAS OF OPHTHALMIC ULTRASOUND
942 ## - ADDED ENTRY ELEMENTS (KOHA)
Source of classification or shelving scheme Dewey Decimal Classification
Koha item type Books
Holdings
Withdrawn status Lost status Source of classification or shelving scheme Damaged status Not for loan Collection code Home library Current library Shelving location Date acquired Vendor Name Cost, normal purchase price SGTU Bill Number Total Checkouts Full call number Accession No. (Barcode) Date last seen Bill Date Koha item type
    Dewey Decimal Classification   Not For Loan MEDICAL SGT Medical Library SGT Medical Library Reference Book 24/03/2025 ABC DELHI 9299.00 SGTU 20805   617.7 C19A FM15387 16/05/2025 24/03/2025 Books